| 000 | 00377nam a2200133Ia 4500 | ||
|---|---|---|---|
| 008 | 211109s9999||||xx |||||||||||||| ||und|| | ||
| 082 |
_a294 _bVAL-S |
||
| 100 | _aValmiki, | ||
| 245 | 0 | _aSri Valmiki Ramayanam | |
| 260 |
_bNATIONAL BOOKSTALL _aKottayam _c1900 |
||
| 630 | _xGeneral Stack | ||
| 650 |
_aReligion _vOther ReligionsReligions of indic origin _xGeneralia |
||
| 942 | _cBOOK | ||
| 999 |
_c8617 _d8617 |
||